Socio-economic life of northern India: C.A.D. 550 ro A.D. 650 (Record no. 343511)

000 -LEADER
fixed length control field 00366cam a22001217a 4500
008 - FIXED-LENGTH DATA ELEMENTS--GENERAL INFORMATION
fixed length control field 180718b1980 xxu||||| |||| 00| 0 eng d
082 ## - DEWEY DECIMAL CLASSIFICATION NUMBER
Classification number A6x5401 D26
100 ## - MAIN ENTRY--PERSONAL NAME
Personal name Das, Sukla
245 ## - TITLE STATEMENT
Title Socio-economic life of northern India: C.A.D. 550 ro A.D. 650
Statement of responsibility, etc. by Sukla Das
260 ## - PUBLICATION, DISTRIBUTION, ETC.
Place of publication, distribution, etc. New Delhi
Name of publisher, distributor, etc. Abhinav
Date of publication, distribution, etc. 1980
300 ## - PHYSICAL DESCRIPTION
Extent 413p.
650 ## - SUBJECT ADDED ENTRY--TOPICAL TERM
Topical term or geographic name entry element India - History - to 1200 A.D.
Holdings
Withdrawn status Lost status Damaged status Not for loan Permanent Location Current Location Date acquired Full call number Barcode Date last seen Price effective from Koha item type
        Indian Institute of Public Administration Indian Institute of Public Administration 1993-09-29 A6x5401 D26 56201 2018-07-21 2018-07-21 Book

Powered by Koha